Department store images: basic findings.

Bibliographic Details
Main Author: May, Eleanor G.
Corporate Author: Marketing Science Institute
Format: Book
Language:English
Published: Cambridge, Mass. : Marketing Science Institute, 1972.
Series:Working paper (Marketing Science Institute)
Preliminary research report (Marketing Science Institute)
Subjects:

MARC

Tag First Indicator Second Indicator Subfields
LEADER 00000cam a2200000 4500
001 in00000038788
005 20151007081304.0
008 741001s1972 mau b 00000 eng d
035 |a (OCoLC)01026181 
035 |9 AAF6157AM 
040 |c TOL  |d TXA  |d UtOrBLW 
049 |a TXAM  |c [930618] 
090 |a HF5463  |b .M34 
100 1 |a May, Eleanor G. 
245 1 0 |a Department store images: basic findings. 
264 1 |a Cambridge, Mass. :  |b Marketing Science Institute,  |c 1972. 
300 |a 38, 3 pages ;  |c 28 cm. 
336 |a text  |b txt  |2 rdacontent 
337 |a unmediated  |b n  |2 rdamedia 
338 |a volume  |b nc  |2 rdacarrier 
490 1 |a Marketing Science Institute. Working paper 
490 1 |a Marketing Science Institute. Preliminary research report 
504 |a Bibliography: pages [1]-3. 
650 0 |a Department stores. 
650 0 |a Marketing research. 
710 2 |a Marketing Science Institute. 
830 0 |a Working paper (Marketing Science Institute) 
830 0 |a Preliminary research report (Marketing Science Institute) 
999 |a MARS 
999 f f |s f390c63b-e993-386f-9ba6-93c5a9ba973b  |i 9dfa1f83-5e12-3545-8fe3-0bc0bd89dca7  |t 0 
952 f f |p ric  |a Texas A&M University  |b Rellis Campus  |c Joint Library Facility  |d Remote Storage  |t 0  |e HF5463 .M34  |h Library of Congress classification  |i unmediated -- volume  |m A14802802049 
998 f f |a HF5463 .M34  |t 0  |l Remote Storage